00461 a2200133 4500082001400000100001600014245006700030250001300097260003800110300003200148650002500180999001300205952010900218 a519.4 YUS aS. M. Yusuf aMathematical MethodscS. M. Yusuf, Muhammad Amin, Abdul Majeed a2 nd ed. aLahore :bIlmi Kitab Khana,c2008 ax, 554p. :bill ., ;c27 cm aMathematical Methods c536d536 00104070aNITbNITcCEd0000-00-00l1m3o519.4 YUSpNIT-4692 r2022-01-25s2021-10-28w2017-01-05yBK